Statistics for Biggest Cities in Maryland

Click here to take the quiz!

General Stats

  • This quiz has been taken 5,985 times
    (2,155 since last reset)
  • The average score is 9 of 20

Answer Stats

PopulationCity% Correct
576,498Baltimore
99%
40,687Annapolis
85%
79,588Frederick
63%
68,056 Bethesda
53%
67,139Rockville
53%
81,015Silver Spring
51%
43,487Hagerstown
50%
69,101Gaithersburg
49%
104,681 Columbia
47%
59,553Towson
41%
32,930Salisbury
40%
35,110College Park
38%
91,249Germantown
37%
57,644Bowie
35%
75,947 Ellicott City
29%
72,891Glen Burnie
28%
29,490Laurel
28%
57,648 Bel Air South
26%
67,796Dundalk
22%
81,410 Waldorf
22%

Score Distribution

Percentile by Number Answered

Percent of People with Each Score

Your Score History

You have not taken this quiz since the last reset